00332nam a22001217a 450000500170000000800410001708200140005811000270007224500530009926000400015230000100019265000080020220200604111040.0200604b xxu||||| |||| 00| 0 eng d a345.4 AIR aThe All India Reporter aThe All India Reporter1966 (V-53) MYSORE Section aBOMBAYbThe All India Reporter Ltd. a480p. aLAW